000 00474nam a2200181Ia 4500
003 GCL
008 140319s9999 xx 000 0 eng d
040 _aGCL /
_cGCL
082 0 4 _a759
_bC I
100 1 _aCLARK.T.J
245 1 0 _aIMAGE OF THEPEOPLE?:?GUSTAVE COURBET AND 1848 REVOLUT I'ON /
_cCLARK.T.J
260 _a[S.N] :
_bTHAMES AND HUDSON ،
_c1988
300 _a208
650 0 4 _aSOCIAL HISTORY
650 0 4 _aART
650 0 4 _aCOURBET, GUSTAVE
942 _2ddc
_cBK
999 _c25539
_d25539